Normal view MARC view

Entry Topical Term

Number of records used in: 1

001 - CONTROL NUMBER

  • control field: 32666

003 - CONTROL NUMBER IDENTIFIER

  • control field: OSt

005 - DATE AND TIME OF LATEST TRANSACTION

  • control field: 20211105135534.0

008 - FIXED-LENGTH DATA ELEMENTS

  • fixed length control field: 211105|| aca||aabn | a|a d

040 ## - CATALOGING SOURCE

  • Original cataloging agency: OSt
  • Transcribing agency: OSt

150 ## - HEADING--TOPICAL TERM

  • Topical term or geographic name entry element: Astrophysical plasmas-Congresses

670 ## - SOURCE DATA FOUND

  • Source citation: Work cat.: (OSt): 6th Oahu 2007 Mar. 16-22 32665, Turbulence and nonlinear processes in astrophysical plasmas, 2007

Powered by Koha